ماركو بولو السفر مغامرة كبرى / (رقم التسجيلة. 146829)
[ عرض عادي ]
| 000 -LEADER | |
|---|---|
| fixed length control field | 00624nam a22002177a 4500 |
| 005 - DATE AND TIME OF LATEST TRANSACTION | |
| control field | 20251108175956.0 |
| 008 - FIXED-LENGTH DATA ELEMENTS--GENERAL INFORMATION | |
| fixed length control field | 250721s2012 xx 000 0 ara d |
| 082 14 - DEWEY DECIMAL CLASSIFICATION NUMBER | |
| Classification number | ط/923.9/دوت |
| 100 1# - MAIN ENTRY--PERSONAL NAME | |
| Personal name | دوتا، ساهيل |
| 245 10 - TITLE STATEMENT | |
| Title | ماركو بولو السفر مغامرة كبرى / |
| 250 ## - EDITION STATEMENT | |
| Edition statement | ط.2 |
| 264 1# - PRODUCTION, PUBLICATION, DISTRIBUTION, MANUFACTURE, AND COPYRIGHT NOTICE | |
| Place of production, publication, distribution, manufacture | مصر : |
| Name of producer, publisher, distributor, manufacturer | الدار المصرية اللبنانية، |
| Date of production, publication, distribution, manufacture, or copyright notice | 2012. |
| 300 ## - PHYSICAL DESCRIPTION | |
| Extent | 64ص. |
| 490 0# - SERIES STATEMENT | |
| Series statement | اسمي |
| 650 17 - SUBJECT ADDED ENTRY--TOPICAL TERM | |
| Topical term or geographic name as entry element | التراجم |
| 650 17 - SUBJECT ADDED ENTRY--TOPICAL TERM | |
| Topical term or geographic name as entry element | المكتشفون |
| 650 17 - SUBJECT ADDED ENTRY--TOPICAL TERM | |
| Topical term or geographic name as entry element | الرحالة |
| 653 ## - INDEX TERM--UNCONTROLLED | |
| Uncontrolled term | ناشئون صغار(10-14)سنة |
| 942 ## - ADDED ENTRY ELEMENTS (KOHA) | |
| Source of classification or shelving scheme | Dewey Decimal Classification |
| Koha item type | كتب |
| حالة السحب | حالة الفقدان | مصدر التصنيف | حالة التلف | غير قابل للإعارة | المكتبة الرئيسية | المكتبة الحالية | موقع الرف | تاريخ التزويد | الرقم المتسلسل | Total Checkouts | رقم الإستدعاء | الباركود | تاريخ آخر ظهور | تاريخ الفاتورة | نوع المادة (كوها) |
|---|---|---|---|---|---|---|---|---|---|---|---|---|---|---|---|
| Dewey Decimal Classification | مكتبة البشائر للأطفال | مكتبة البشائر للأطفال | الأطفال | 28/07/2025 | 1790254 | ط/923.9/دوت | PLD00513281 | 28/07/2025 | 28/07/2025 | كتب |